Billboard Hot 100 #1 Hits of 1992 - Statistics

General Stats
  • This quiz has been taken 9 times
  • The average score is 33 of 52
Answer Stats
Issue Date #1 Hit Artist % Correct
November 28 I Will Always Love You Whitney Houston
89%
December 5 I Will Always Love You Whitney Houston
89%
December 12 I Will Always Love You Whitney Houston
89%
December 19 I Will Always Love You Whitney Houston
89%
December 26 I Will Always Love You Whitney Houston
89%
August 15 End of the Road Boyz II Men
78%
August 22 End of the Road Boyz II Men
78%
August 29 End of the Road Boyz II Men
78%
September 5 End of the Road Boyz II Men
78%
September 12 End of the Road Boyz II Men
78%
September 19 End of the Road Boyz II Men
78%
September 26 End of the Road Boyz II Men
78%
October 3 End of the Road Boyz II Men
78%
October 10 End of the Road Boyz II Men
78%
October 17 End of the Road Boyz II Men
78%
October 24 End of the Road Boyz II Men
78%
October 31 End of the Road Boyz II Men
78%
November 7 End of the Road Boyz II Men
78%
February 8 I'm Too Sexy Right Said Fred
78%
February 15 I'm Too Sexy Right Said Fred
78%
February 22 I'm Too Sexy Right Said Fred
78%
April 25 Jump Kris Kross
78%
May 2 Jump Kris Kross
78%
May 9 Jump Kris Kross
78%
May 16 Jump Kris Kross
78%
May 23 Jump Kris Kross
78%
May 30 Jump Kris Kross
78%
June 6 Jump Kris Kross
78%
June 13 Jump Kris Kross
78%
July 4 Baby Got Back Sir Mix-a-Lot
67%
July 11 Baby Got Back Sir Mix-a-Lot
67%
July 18 Baby Got Back Sir Mix-a-Lot
67%
July 25 Baby Got Back Sir Mix-a-Lot
67%
August 1 Baby Got Back Sir Mix-a-Lot
67%
January 4 Black or White Michael Jackson
56%
January 11 Black or White Michael Jackson
56%
January 18 Black or White Michael Jackson
56%
February 1 Don't Let the Sun Go Down On Me George Michael & Elton John
56%
March 21 Save the Best for Last Vanessa Williams
56%
March 28 Save the Best for Last Vanessa Williams
56%
April 4 Save the Best for Last Vanessa Williams
56%
April 11 Save the Best for Last Vanessa Williams
56%
April 18 Save the Best for Last Vanessa Williams
56%
February 29 To Be With You Mr. Big
33%
March 7 To Be With You Mr. Big
33%
March 14 To Be With You Mr. Big
33%
November 14 How Do You Talk To An Angel The Heights
22%
November 21 How Do You Talk To An Angel The Heights
22%
January 25 All 4 Love Color Me Badd
11%
June 20 I'll Be There Mariah Carey
11%
June 27 I'll Be There Mariah Carey
11%
August 8 This Used to Be My Playground Madonna
11%
No matching quizzes found
Score Distribution
Percent of People with Each Score
Percentile by Number Answered
Your Score History
You have not taken this quiz